| 000 | 00000nam##2200000za#4500 |
| 001 | 9.569529 |
| 003 | CaOODSP |
| 005 | 20210624181818 |
| 007 | cr ||||||||||| |
| 008 | 150406|1998||||xxc|||||o f|0| 0 eng|d |
| 040 | |aCaOODSP|beng |
| 043 | |an-cn--- |
| 086 | 1 |aNH18-1/10-1998E-PDF |
| 110 | 2 |aCanada Mortgage and Housing Corporation. |
| 245 | 10|aHigh-rise apartment repair needs assessment in the former cities of Toronto and York / |h[electronic resource]|cprepared by Gerald R. Genge. |
| 246 | 1 |aHigh-rise apartment repair needs assessment |
| 260 | |aOttawa - Ontario : |bCanada Mortgage and Housing Corporation |c1998. |
| 300 | |a131p.|bgraphs, tables |
| 490 | 1 |aResearch report |
| 590 | |a11-08-Supp|b2011-06-16 |
| 720 | 1 |aGenge, Gerald R. |
| 775 | 08|tÉvaluation des besoins de réparation des tours d'habitation dans les anciennes villes de Toronto et de York / |w(CaOODSP)9.600625 |
| 830 | #0|aResearch report (Canada Mortgage and Housing Corporation : Online)|w(CaOODSP)9.506068 |
| 856 | 40|ahttp://publications.gc.ca|qPDF|s1.23 MB|uhttps://publications.gc.ca/collections/collection_2011/schl-cmhc/nh18-1/NH18-1-10-1998-eng.pdf |